000 00608 a2200193 4500
999 _c2257
_d2257
020 _a9780435453145
050 _aHF5351 NEED 1999
100 _aNeedham, D.
_eauthor
245 _aBusiness for higher awards /
_cDave Needham,Rob Dransfield ...[et al]
250 _a2nd ed.
264 _aOxford :
_bHeinemann,
_c1999
300 _a684p. :
_bill.
500 _aIncludes bibliographical references and index
650 _aBusiness.
_xIndustrial management.
700 _aDransfield, Rob
_eauthor
700 _aHarris, Rod
_eauthor
700 _aColes, Martin
_eauthor
942 _2lcc
_cBK
_h5351
_iNEE
_kHF
_e2nd ed.